Počítače a umelá inteligencia
| New Title: | Computers and artificial intelligence |
|---|---|
| Format: | Journal |
| Language: | English Russian |
| PhysicalDescription: | 1 zv. 24 cm |
| Published: |
Bratislava
Veda
1982
|
| ISSN: | 0231-7389 0232-0274 |
| Subjects: |
MARC
| LEADER | 00000cas a2200000 a 4500 | ||
|---|---|---|---|
| 001 | vtls008885201 | ||
| 003 | SK-MaSNL | ||
| 005 | 20260228161443.0 | ||
| 008 | 141119d19821982xo br p 0 1 a0eng d | ||
| 022 | |a 0231-7389 | ||
| 035 | |a (SVKBB03)vtls000251375 | ||
| 040 | |a SVKBB |b slo |c SVKBB |d SAVUK |e AACR2 | ||
| 041 | 0 | |a eng |a rus | |
| 044 | |a xo |c SK | ||
| 080 | |a 004.38 |2 2001 | ||
| 080 | |a 004.8 |2 2001 | ||
| 080 | |a 004 |2 2001 | ||
| 080 | |a (051)001 |2 2001 | ||
| 210 | 0 | |a Počít. umelá intel. | |
| 222 | |a Počítače a umelá inteligencia | ||
| 245 | 0 | 0 | |a Počítače a umelá inteligencia |
| 246 | 3 | 1 | |a Computers and artificial intelligence |
| 260 | |a Bratislava |b Veda |c 1982 | ||
| 300 | |a 1 zv. |c 24 cm | ||
| 310 | |a 6x ročne | ||
| 362 | 0 | |a Vol 1, no. 1 (1982)-vol. 1, no. 6 (1982) | |
| 650 | 0 | 7 | |a počítače |2 SNKPH |9 2027 |
| 650 | 0 | 7 | |a umelá inteligencia |2 SNKPH |9 1830 |
| 650 | 0 | 7 | |a výpočtová technika |2 SNKPH |9 1126 |
| 655 | 7 | |a vedecké časopisy |2 SNKPH |9 70520 | |
| 785 | 0 | 0 | |t Computers and artificial intelligence |x 0232-0274 |w vtls008880289 |
| 910 | |a svkbb | ||
| 910 | |a savuk | ||
| 910 | |a snk | ||
| 916 | |a 1982 | ||
| 999 | |c 5407 |d 7337 | ||
| 952 | |0 0 |1 0 |4 0 |7 0 |a SNK |b SNK |d 2014-01-14 |f 1 |i snkČSP 671/83 |l 0 |o snkČSC 2770/1/1982 |p 17A0751625 |r 2026-02-21 19:44:26 |t č. 1-6 |w 2026-02-21 |y PREZ | ||


